| 000 | 00914nam a2200289Ia 4500 | ||
|---|---|---|---|
| 001 | A2125 | ||
| 003 | IT-RoPAU | ||
| 008 | 130308s9999 xx 000 0 und d | ||
| 040 | _aIT-RoPAU | ||
| 040 | _cIT-RoPAU | ||
| 041 | _aFRANCESE | ||
| 100 | _aSalaun Jean-Michel | ||
| 100 | _gCodice Aut. SPICS: 17595 | ||
| 245 | _aAmenagement de la culture (L') | ||
| 245 | _bMedias et Communication En Europe | ||
| 250 | _a1a ed. | ||
| 260 | _aGRENOBLE | ||
| 260 | _bPresses Universitaires | ||
| 260 | _c1990 [1° Ed.:1990 - Ed.Ling.Originale:1990] | ||
| 300 | _a"18 p. (prefazione: no ; testo: 18 [pagine: 25-42])" | ||
| 500 | _aPiano di Sviluppo della Cultura. Democrazia Borghese. informatica e le Reti. Mercati. Come Organizzare I Media. Continuità e Rotture. | ||
| 650 | _aPOLITICA DELLA COMUNICAZIONE SOCIALE | ||
| 650 | _eCodice materia Spics: 3803 | ||
| 942 | _cBK | ||
| 957 | _71 | ||
| 999 |
_c79668 _d79668 |
||
| 999 | _g1 | ||